Akhmîm et la 9e province de Haute Égypte : étude de géographie religieuse /

Saved in:

Main Author: Claude, Marion, 1991- (Author)

Format: Book

Language: French

Published: Wiesbaden : Harrassowitz Verlag, 2024.

Series: Studien zur spätägyptischen Religion ; 41.
SSR ; 41.

Subjects:

Tags: Add Tag

No Tags, Be the first to tag this record!

Call Number: DT73 .A28 C52 2024

LEADER 01044nam a22002897a 4500
003 OSt
005 20260105085339.0
008 260105t2024 gw ab b 001 0 fre d
020 |a 9783447120708 
040 |c ARCE Library 
050 1 4 |a DT73 .A28  |b C52 2024 
100 1 |a Claude, Marion,   |d 1991-  |e author 
245 1 0 |a Akhmîm et la 9e province de Haute Égypte :   |b étude de géographie religieuse /   |c Marion Claude. 
264 1 |a Wiesbaden :   |b Harrassowitz Verlag,   |c 2024. 
300 |a ix, 412 pages :   |b illustrations, maps ;   |c 31cm. 
490 0 |a Studien zur spätägyptischen Religion ; 41. 
490 0 |a SSR ; 41. 
500 |a Originally presented as the author's thesis (doctoral).  
504 |a Includes bibliographical references (pages 383-412) and index. 
650 0 |a Antiquities   |z Akhmīm (Egypt) 
650 0 |a Religion and geography. 
651 0 |a Akhmīm (Egypt)   |x Religion   |x History. 
651 0 |a Egypt   |x Religion   |x History. 
651 0 |a Egypt   |x Antiquities. 
901 |a reviewed 
942 |2 lcc  |c BK 
999 |c 60954  |d 60954